Dart Monkey Upgrades (BTD6) - Statistics

General Stats
  • This quiz has been taken 12 times
  • The average score is 10 of 15
Answer Stats
Path Tier Cost (Easy) Cost (Medium) Cost (Hard) Cost (Impoppable) Answer % Correct
Bottom 3 530$ 575$ 620$ 690$ Crossbow
91%
Bottom 5 18,275$ 21,500$ 23,220$ 25,800$ Crossbow Master
91%
Middle 3 380$ 450$ 430$ 540$ Triple Shot
91%
Top 4 1,530$ 1,800$ 1,945$ 2,160$ Juggernaut
82%
Middle 1 85$ 100$ 110$ 120$ Quick Shots
82%
Bottom 4 1,740$ 2.050$ 2,215$ 2,460$ Sharp Shooter
82%
Top 1 120$ 140$ 150$ 170$ Sharp Shots
73%
Middle 4 6,120$ 7,200$ 7,775$ 8,640$ Super Monkey Fan Club
73%
Top 5 12,750$ 15,000$ 16,200$ 18,000$ Ultra Juggernaut
73%
Middle 5 38,250$ 45,000$ 48,600$ 54,000$ Plasma Monkey Fan Club
64%
Bottom 2 170$ 200$ 215$ 240$ Enhanced Eyesight
45%
Top 2 185$ 200$ 235$ 265$ Razor Sharp Shots
45%
Top 3 255$ 320$ 325$ 360$ Spike-A-Pult
45%
Bottom 1 75$ 90$ 95$ 110$ Long Range Darts
36%
Middle 2 160$ 190$ 205$ 230$ Very Quick Shots
27%
No matching quizzes found
Score Distribution
Percent of People with Each Score
Percentile by Number Answered
Your Score History
You have not taken this quiz